Kamus Dewan.
| Corporate Author: | |
|---|---|
| Format: | Book |
| Published: |
Kuala Lumpur:
Dewan Bahasa dan Pustaka,
2005.
|
| Edition: | Edisi keempat. |
| Subjects: |
| LEADER | 00511cam a2200169 7i4500 | ||
|---|---|---|---|
| 001 | 0000032244 | ||
| 005 | 20150507090000.0 | ||
| 020 | 0 | 0 | |a 9789836283399 |
| 090 | 0 | 0 | |a REF 499.233 |b KAM |
| 245 | 0 | 0 | |a Kamus Dewan. |
| 250 | 0 | 0 | |a Edisi keempat. |
| 260 | 0 | 0 | |a Kuala Lumpur: |b Dewan Bahasa dan Pustaka, |c 2005. |
| 300 | # | # | |a 1817 pages. |
| 650 | 0 | 0 | |a Malay language |
| 710 | 0 | 0 | |a Dewan Bahasa dan Pustaka |
| 999 | |a B00036011 |b Book |c Reference |e Business Information Centre | ||
| 999 | |a B000036011 |b Book |c Book |e Business Information Centre | ||


